<?xml version="1.0" encoding="UTF-8"?>
<marc:record xmlns:marc="http://www.loc.gov/MARC21/slim">
   <marc:leader>00000nam a2200000 a 4500</marc:leader>
   <marc:datafield ind1="1" ind2=" " tag="100">
      <marc:subfield code="a">Trope Nicole</marc:subfield>
      <marc:subfield code="4">aut</marc:subfield>
      <marc:subfield code="e">Verfasser/-in</marc:subfield>
   </marc:datafield>
   <marc:datafield ind1="0" ind2="0" tag="245">
      <marc:subfield code="a">Der Tag nach der Party</marc:subfield>
   </marc:datafield>
   <marc:datafield ind1="0" ind2="0" tag="245">
      <marc:subfield code="c">Trope Nicole</marc:subfield>
   </marc:datafield>
   <marc:datafield ind1=" " ind2="1" tag="264">
      <marc:subfield code="b">Bookouture</marc:subfield>
      <marc:subfield code="c">2024</marc:subfield>
   </marc:datafield>
   <marc:datafield ind1=" " ind2=" " tag="250">
      <marc:subfield code="a">1. Aufl.</marc:subfield>
   </marc:datafield>
   <marc:datafield ind1="1" ind2=" " tag="520">
      <marc:subfield code="a">Zum Geburtstag viel Glück. Denn es gibt kein Zurück …&#xD;
&#xD;
Als Katelyn ihren sechsunddreißigsten Geburtstag mit Freunden und Familie feiert, ahnt sie nicht, wie schnell ihre heile Welt zerbrechen kann. Denn am nächsten Tag wacht sie verängstigt und orientierungslos im Krankenhaus auf.&#xD;
&#xD;
Sie kann sich nicht an ihre Party erinnern. Nicht an die furchtbaren Worte ihres Ehemannes oder an die zerstörerische Wut ihrer besten Freundin.&#xD;
&#xD;
Auf die Frage, was passiert sei, antwortet ihr Mann nur »Nichts«. Aber bei seinen Worten gefriert Katelyn das Blut in den Adern. Sie erkennt an seinem Tonfall, dass er lügt.&#xD;
&#xD;
Doch was verheimlicht er ihr?&#xD;
&#xD;
Dass sie auf der Feier angegriffen wurde?&#xD;
&#xD;
Oder hat sie etwa selbst etwas so Schlimmes getan, dass er es ihr verschweigen muss?&#xD;
&#xD;
Katelyn weiß nur eines mit absoluter Sicherheit: Sie kann niemandem mehr trauen. Und wenn die Wahrheit ans Licht kommt, könnte sie alles zerstören, was Katelyn sich aufgebaut hat.&#xD;
&#xD;
Ein großartiges, süchtig machendes Buch über die dunklen Geheimnisse der Menschen, die uns am nächsten stehen. Perfekt für Fans von Liane Moriarty, Claire Douglas und Sheryl Browne.</marc:subfield>
   </marc:datafield>
   <marc:datafield ind1=" " ind2=" " tag="020">
      <marc:subfield code="a">9781836183020</marc:subfield>
      <marc:subfield code="9">9781836183020</marc:subfield>
   </marc:datafield>
   <marc:datafield ind1=" " ind2=" " tag="338">
      <marc:subfield code="a">Band</marc:subfield>
   </marc:datafield>
   <marc:datafield ind1=" " ind2=" " tag="300">
      <marc:subfield code="a">271 Seiten</marc:subfield>
   </marc:datafield>
</marc:record>
